| 000 | 00654nam a22001695i 4500 | ||
|---|---|---|---|
| 001 | 54897 | ||
| 003 | ES-MaACL | ||
| 005 | 20230906163038.0 | ||
| 007 | t| | ||
| 008 | 960730s1868 sp ||||1| spa d | ||
| 040 |
_aCAM _bspa _cCAM |
||
| 100 | 1 |
_aGarbayo de Bofarull, Casimiro Pío. _953953 |
|
| 245 | 1 | 0 |
_aColección legislativa del impuesto de traslaciones de dominio (llamado antes derecho de hipotecas) / _cformada y publicada con la competente autorización por Casimiro Pío Garbayo de Bofarull. |
| 260 |
_aMadrid : _b[s.n.], _c1868 ( _fImprenta de la viuda e hijos de F. Abienzo) |
||
| 300 |
_aXVI, 597 p. ; _c22 cm. |
||
| 852 |
_aES-MaACL _jC-2665 |
||
| 999 |
_c54897 _d54897 |
||